000 00739cam a22002773a 4500
001 24152
003 PGUSA
005 20140828083521.0
008 080103s2008||||xxu|||||s|||||000 1 eng d
040 _aPGUSA
_beng
042 _adc
050 4 _aPS
100 1 _aCox, Irving E.
245 1 4 _aThe Guardians
_h[electronic resource] /
_cIrving E. Cox
260 _bProject Gutenberg,
_c2008
506 _aPublic domain in the USA.
516 _aElectronic text
653 _aDystopias -- Fiction
653 _aScience fiction
653 _aShort stories
653 _aDiseases -- Fiction
700 1 _aDongen, H. R. van
830 0 _aProject Gutenberg
_v24152
856 4 0 _uhttp://www.gutenberg.org/ebooks/24152
942 _cEB
999 _c253407
_d253407